Największe miasta Skandynawii - Statystyki

Ogólne statystyki
  • Ten quiz został rozwiązany 43 razy
  • Średni wynik to 11 z 25
Statystyki odpowiedzi
Hint Odpowiedź % Poprawnych
1 098 061 Oslo
100%
1 515 017 Sztokholm
100%
805 420 Kopenhaga
97%
558 457 Helsinki
94%
301 706 Malmö
89%
272 125 Bergen
72%
572 799 Göteborg
72%
198 777 Trondheim
61%
175 945 Turku
53%
180 863 Odense
50%
142 937 Aalborg
47%
285 273 Aarhus
42%
202 687 Tampere
39%
128 618 Oulu
36%
239 055 Stavanger
33%
115 765 Örebro
31%
149 245 Uppsala
28%
256 760 Espoo
19%
124 540 Drammen
17%
106 502 Linköping
17%
190 058 Vantaa
14%
117 746 Västerås
11%
121 679 Frederikstad
0%
127 323 Södermalm
0%
139 606 Sollentuna
0%
Nie znaleziono quizów pasujących do podanych kryteriów
Rozkład punktacji
Procent ludzi z każdym wynikiem
Percentyl według liczby udzielonych odpowiedzi
Twoja historia wyników
Nie rozwiązałeś tego quizu